| 000 | 00447nam a2200133Ia 4500 | ||
|---|---|---|---|
| 008 | 160809s9999 xx 000 0 und d | ||
| 100 | _aEgidijus Vareikis. | ||
| 245 | _aProblem of “Dinosauring” of European Union and Mapping of Its Future | ||
| 245 | _cEgidijus Vareikis. | ||
| 260 | _bStudies in Media and Communication | ||
| 260 | _cJune 2016 | ||
| 650 | _xCOMMUNICATION | ||
| 856 | _uhttp://redfame.com/journal/index.php/smc/issue/view/64 | ||
| 999 |
_c299988 _d299988 |
||